000 00411nam a2200169 a 4500
001 21845
003 CO-ViMGA
008 141112s2004 ck r 000 u spa d
040 _aCO-ViMGA
_bspa
_cCO-ViMGA
082 _aOSBs
100 1 _aOsborn, Steve
245 1 0 _aThe stonecutter
260 _aCalifornia :
_bAddison - Wesley,
_c1992
300 _a14p
650 1 4 _aCUENTOS INFANTILES
_92743
942 _2ddc
_cBK
999 _c11617
_d11617